000 00788nam a2200241 i 4500
001 150181
003 ES-MaACL
005 20260525062935.0
007 t|
008 071029s1960 sp |||| | spa d
017 _aM 12630-1960
080 _a821.134.2-23"19"
100 1 _aValle-Inclán, Ramón del,
_d1866-1936
_9112796
245 1 0 _aVoces de gesta
_b: tragedia pastoril ; Cuento de abril : escenas rimadas de una manera extravagante /
_cRamón del Valle-Inclán.
246 3 0 _aCuento de abril
_b: escenas rimadas de una manera extravagante
250 _a3ª ed.
260 _aMadrid :
_bEspasa-Calpe,
_c1960.
300 _a148 p. ;
_c18 cm.
490 1 _aColección austral ;
_v415
830 0 _aColección austral
_v415
_9177655
852 4 _aBA
_jG-10124
999 _c150181
_d150181